Vražedné ego / (Záznam č. 34240)
| 000 -Návěští | |
|---|---|
| Řídící pole kódované 24B | 01541nam a2200325 i 4500 |
| 001 - Kontrolní číslo | |
| Řídící pole proměnné | 5232260 |
| 003 - Identifikátor kontrolního čísla | |
| Řídící pole proměnné | CZ PrSKC |
| 005 - Datum posledního zpracování | |
| Řídící pole 16B | 20260429111006.0 |
| 007 - Pole pevné délky pro fyzický popis | |
| Řídící pole kódované | ta |
| 008 - Údaje pevné délky | |
| Řídící pole kódované 40B | 260420s2026 xr g 000 f cze |
| 020 ## - ISBN | |
| ISBN | 9788027924622 |
| 040 ## - Zdroj katalogizace-agentura | |
| Agentura původní katalogizace | ABG001 |
| Jazyk katalogizace | cze |
| Použitá pravidla popisu | rda |
| 072 #7 - Kód předmětové kategorie - Konspekt | |
| Předmětová kategorie | 821.162.3-3 |
| Zpřesnění předmětové kategorie | Česká próza |
| Zdroj předmětové klasifikace | Konspekt |
| 080 ## - MDT | |
| Klasifikační znak MDT | 821.162.3-31 |
| Idetifikátor vydání MDT | MRF |
| 080 ## - MDT | |
| Klasifikační znak MDT | (0:82-312.4) |
| Idetifikátor vydání MDT | MRF |
| 100 1# - Hlavní záhlaví - osobní jméno autora | |
| Osobní jméno | Novotná, Martina, |
| Datumy související se jménem | 1983- |
| Kód role | aut |
| 9 (RLIN) | 17516 |
| 245 10 - Údaje o názvu | |
| Název | Vražedné ego / |
| Údaj o odpovědností, atd. | Martina Novotná |
| 250 ## - Údaje o vydání | |
| Označení vydání | Vydání první |
| 264 #1 - Nakladatelské údaje | |
| Místo vydání | Brno : |
| Nakladatel | MOBA, |
| Rok vydání | 2026 |
| 300 ## - Fyzický popis | |
| Rozsah | 267 stran ; |
| Rozměry | 19 cm |
| 490 1# - Údaje o edici | |
| Údaje o edici | Původní česká detektivka ; |
| Označení svazku/pořadí | 437. svazek |
| 520 2# - Anotace | |
| Anotace, atd. | Detektivní román úspěšné autorky je další ze série, ve které zločiny na Nymbursku opět vyšetřuje známá dvojice kriminalistů. |
| Rozšířený text anotace | Co to tam je? Nějaká mikina či co. To je hrůza, co všechno lidé hodí do vody!“ Problém je ovšem v tom, že ona mikina není prázdná. Má ji na sobě oblečenou muž, jehož tělo bezvládně splývá na hladině řeky Labe protékající královským městem Nymburkem. Pro kapitána Přibyla a poručíka Dvořáka tak začíná nový případ. Musí zjistit, zda se onen utopenec do řeky dostal sám, anebo mu tam někdo pomohl. A pokud ano, tak kdo, a hlavně proč? Nakladatelská anotace. |
| 655 #7 - Rejstříkový termín - žánr/forma | |
| Žánr/forma či základní termín | české romány |
| 655 #7 - Rejstříkový termín - žánr/forma | |
| Žánr/forma či základní termín | detektivní romány |
| 655 #9 - Rejstříkový termín - žánr/forma | |
| Žánr/forma či základní termín | Czech fiction |
| 655 #9 - Rejstříkový termín - žánr/forma | |
| Žánr/forma či základní termín | detective novels |
| 710 2# - Vedlejší záhlaví - jméno korporativního autora | |
| Jméno korporace nebo jurisdikce | Nakladatelství MOBA |
| Kód role | pbl |
| 9 (RLIN) | 20521 |
| 910 ## - Údaje o vlastníkovi jednotky (exempláře) | |
| Sigla vlastníka jednotky | ABG508 |
| Stav ztráty | Zdroj klasifikace pro skladování | Stav poškození |
|---|---|---|
| Universal Decimal Classification |